Toy Story Characters - Statistics

General Stats
  • This quiz has been taken 97 times
  • The average score is 12 of 42
Answer Stats
Hint Answer % Correct
Tom Hanks Woody
100%
Tim Allen Buzz Lightyear
94%
Wallace Shawn Rex
82%
John Ratzenberger Hamm
79%
Joan Cusack Jessie
75%
Don Rickles Mr. Potato Head
70%
Annie Potts Bo Peep
64%
Jim Varney / Billy Clark Slinky Dog
61%
Estelle Harris Mrs Potato Head
57%
Joe Ranft Bullseye
46%
Jodi Benson Barbie
42%
Michael Keaton Ken
39%
Tony Hale Forky
31%
Kelsey Grammar Stinky Pete
31%
Bonnie Hunt Dolly
21%
R Lee Emrey Sarge
21%
Jordan Peele Bunny
19%
Keegan-Michael Key Ducky
19%
Kristen Schaal Trixie
19%
Keanu Reeves Duke Caboom
18%
Ned Beatly Lotso Huggin Bear
18%
Christina Hendricks Gabby Gabby
16%
Joe Ranft Lenny
16%
John Morris Andy Davis
13%
Jeff Garlin Buttercup
12%
Bea Miller Molly
12%
Timothy Dalton Mr. Pricklepants
12%
Erik von Detten Sid Phillips
12%
Laurie Metcalf Mrs Davis
10%
Andrew Stanton Emperor Zurg
9%
Whoopi Goldberg Stretch
9%
Madeline McGraw Bonnie Anderson
7%
Jack Angel Shark
6%
Jack Angel Rocky Gibraltar
4%
Ernie Hudson Combat Carl
3%
Lori Alan Mrs Anderson
3%
Conan O’Brien Smarty Pants
1%
Debi Deryberry Toy Aliens
1%
Wayne Knight Al McWhiggum
0%
Jonathan Harris Geri the Cleaner
0%
John Lasseter Lee Unkrich
0%
Jan Rabson Sparks
0%
No matching quizzes found
Score Distribution
Percent of People with Each Score
Percentile by Number Answered
Your Score History
You have not taken this quiz